Cesta k zisku tajemství, která si Japonci osvojili a Američané zapomněli

Bibliographic Details
Main Author: Olenick, Arnold J., 1918- (Author)
Other Authors: Houžvička, Tomáš (Translator)
Format: Book
Language:Czech
English
PhysicalDescription:297 s. grafy, sch., tab. 23 cm
Published: V Praze Grada 1993
ISBN:8085623943
Subjects:

MARC

LEADER 00000cam a2200000 a 4500
001 vtls001394477
003 SK-MaSNL
005 20260302034712.0
008 240315s1993 xr a g n 00100 cze
020 |a 8085623943  |q (brožované) 
035 |a SNK000348812 
040 |a SNK  |b slo  |c SNK  |e AACR2 
041 1 |a cze  |h eng 
044 |a xr  |c CZ 
072 7 |a 005  |x Manažment. Riadenie  |2 konspekt 
080 |a 334.72  |2 2011 
080 |a 005  |2 2011 
080 |a 338.515  |2 2011 
080 |a (075)  |2 2011 
100 1 |a Olenick, Arnold J.,  |d 1918-  |4 aut  |9 686636 
245 1 0 |a Cesta k zisku  |b tajemství, která si Japonci osvojili a Američané zapomněli  |c Arnold J. Olenick ; [translation: Tomáš Houžvička] 
260 |a V Praze  |b Grada  |c 1993 
300 |a 297 s.  |b grafy, sch., tab.  |c 23 cm 
504 |a Bibliogr. odkazy ; reg. 
650 0 7 |a podniky  |x riadenie  |2 SNKPH  |9 686637 
650 0 7 |a podniky  |x zisk  |2 SNKPH  |9 686638 
650 0 7 |a Business enterprises  |2 SNKPHeng  |9 265529 
650 0 7 |a Management  |2 SNKPHeng  |9 265406 
650 0 7 |a Profit  |2 SNKPHeng  |9 353633 
655 7 |a učebné texty  |2 SNKPH  |9 70568 
655 7 |a Educational texts  |2 SNKPHeng  |9 277375 
700 1 |a Houžvička, Tomáš  |4 trl  |9 686639 
752 |a Česko  |d Praha 
919 |a 80-85623-94-3 
958 |a NB 
958 |a JP 
968 |a ČES  |b ENG 
999 |c 1067437  |d 1069367 
952 |a SNK  |b SNK  |y VYP  |7 0  |p 17A0201665  |o snkIC 142742  |i snk2016/20654  |8 5  |0 0  |1 0  |4 0  |d 2000-08-15  |l 0  |r 2005-01-02 00:00:00  |w 2026-02-24